Παρμενίδης : ή περί ιδεών
Αποθηκεύτηκε σε:
| Κύριος συγγραφέας: | |
|---|---|
| Άλλοι συγγραφείς: | |
| Μορφή: | Βιβλίο |
| Γλώσσα: | Greek Ancient Greek |
| Δημοσίευση: |
Αθήνα :
Κάκτος,
1993.
|
| Σειρά: | Έλληνες (Εκδόσεις Κάκτος)
178 |
| Θέματα: | |
| Ετικέτες: |
Προσθήκη ετικέτας
Δεν υπάρχουν, Καταχωρήστε ετικέτα πρώτοι!
|
MARC
| LEADER | 00000cam a2200000 i 4500 | ||
|---|---|---|---|
| 001 | 1/3815 | ||
| 008 | 000523s1993 gr ||||| | |||| | gre d | ||
| 035 | |l 10060932 | ||
| 040 | |a GR-MY-UA |b gre |e aacr | ||
| 041 | 0 | |a gre |a grc | |
| 082 | 0 | |a 180.938 | |
| 100 | 0 | |a Πλάτων, |d 428 ή 7-348 ή 7 π.Χ. | |
| 245 | 1 | 0 | |a Παρμενίδης : |b ή περί ιδεών / |c Πλάτων ; εισαγωγή-μετάφραση-σχόλια Ορέστης Περδικίδης. |
| 260 | |a Αθήνα : |b Κάκτος, |c 1993. | ||
| 300 | |a 201 σ. ; |c 20 εκ. | ||
| 490 | 1 | |a (Οι Έλληνες ; |v 178) | |
| 504 | |a Περιέχει βιβλιογραφία. | ||
| 650 | 0 | 0 | |a Philosophy, Ancient. |
| 700 | 1 | |a Περδικίδης, Ορέστης, |e trl | |
| 830 | 0 | |a Έλληνες (Εκδόσεις Κάκτος) |v 178 | |
| 852 | |a INST |b LESVOS |e 20000523 |h 180.938 ΠΛΑ |p 005100026342 |q 005100026342 |t BK |y 0 | ||
| 901 | |a BIBL1-2000-1 | ||
| 909 | |a Λ |b 072025 | ||
| 922 | |a 1ΕΛΗ |b 199912 |c ΤΑΚ/ΚΥΒ |d ΠΑΠΑΣΩΤΗΡΙΟΥ | ||
| 950 | |a 023-1999-12-06 | ||
| 970 | |a ΤΖΑΦΕΡΗ |b ΕΥΑΓΓΕΛΙΑ |z 2000/05/23 | ||